Vista normal Vista MARC

Entrada Materia (personas)

Número de registros utilizados en: 2

001 - CONTROL NUMBER

  • control field: 86477

003 - CONTROL NUMBER IDENTIFIER

  • control field: Co-BoUCM

005 - DATE AND TIME OF LATEST TRANSACTION

  • control field: 20170705151148.0

008 - FIXED-LENGTH DATA ELEMENTS

  • fixed length control field: 170705|| aca||aabn | a|a d

040 ## - CATALOGING SOURCE

  • Original cataloging agency: Co-BoUCM
  • Transcribing agency: Co-BoUCM

100 ## - HEADING--PERSONAL NAME

  • Personal name: Perilla Perilla, Mario

670 ## - SOURCE DATA FOUND

  • Source citation: Work cat.: (Co-BoUCM)306880: Perilla Perilla, Mario, Posibles escenarios de impacto en sectores patrimoniales de ciudad, 2017